Central Library OPAC University of Rajshahi

A modern French republic / (Record no. 24690)

MARC details
000 -LEADER
fixed length control field 00829nam a2200241 a 4500
001 - CONTROL NUMBER
control field 24690
003 - CONTROL NUMBER IDENTIFIER
rucl marc code BD-RjUL
005 - DATE AND TIME OF LATEST TRANSACTION
control field 20211209001103.0
008 - FIXED-LENGTH DATA ELEMENTS--GENERAL INFORMATION
fixed length control field 140315r19631962enk 000 0 eng u
035 ## - SYSTEM CONTROL NUMBER
System control number (BD-RjUL)24759
040 ## - CATALOGING SOURCE
Original cataloging agency BD-RjUL
Language of cataloging eng
Transcribing agency BD-RjUL
Modifying agency BD-RjUL
041 1# - LANGUAGE CODE
Language code of text/sound track or separate title eng
Language code of original fre
082 ## - DEWEY DECIMAL CLASSIFICATION NUMBER
Classification number 320.944083
Author mark and year FRM
100 1# - MAIN ENTRY--PERSONAL NAME
Personal name Mendès France, Pierre,
Dates associated with a name 1907-1982.
9 (RLIN) 76004
245 12 - TITLE STATEMENT
Title A modern French republic /
Statement of responsibility, etc. Pierre Mendès France; translated from the French by Anne Carter.
260 ## - PUBLICATION, DISTRIBUTION, ETC. (IMPRINT)
Place of publication, distribution, etc. London :
Name of publisher, distributor, etc. Weidenfeld & Nicolson,
Date of publication, distribution, etc. 1963.
300 ## - PHYSICAL DESCRIPTION
Pagination 205 p. ;
Size 22 cm
500 ## - GENERAL NOTE
General note Translation of: " La republique moderne. "
General note Originally published: Paris : Editions Gallimard, 1962.
651 #0 - SUBJECT ADDED ENTRY--GEOGRAPHIC NAME
Geographic name France
General subdivision Politics and government
Chronological subdivision 20th century.
9 (RLIN) 76005
942 ## - ADDED ENTRY ELEMENTS (KOHA)
Source of classification or shelving scheme Dewey Decimal Classification
Koha item type Books
Holdings
Lost status Source of classification or shelving scheme Damaged status Not for loan Collection code Permanent Location Current Location Shelving location Date acquired Source of acquisition Cost, normal purchase price Total Checkouts Full call number Date last seen Copy number Koha item type
  Dewey Decimal Classification     Non-fiction Central Library, University of Rajshahi Central Library, University of Rajshahi   31/05/1968 sweets & zeithinger 30.00   320.944083 FRM 1963 15/03/2014 C-2 Books
  Dewey Decimal Classification   Added to bundle Non-fiction Central Library, University of Rajshahi Central Library, University of Rajshahi Reading Room 25/02/1964 Zeitlinger 30.00   320.944083 FRM 1963 15/03/2014 C-1 Books